000 02921nam a2200277 a 4500
003 OSt
005 20251104125942.0
007 cr ||||||a|c|a
008 230606s2019 mx ||||fom||| 001 0 s d
040 _erda
100 1 _9133725
_aLópez Hernández, Gamaliel
245 1 0 _aModelo dinámico del agua en suelo y planta de tomate :
_bSimulación y análisis /
_cPor Gamaliel López Hernández; director de tesis Irineo Lorenzo López Cruz.
264 1 _aChapingo, México :
_bEl autor,
_c2019.
300 _a1 recurso en línea (101 páginas):
_bCuadros y figuras.
336 _2rdacontent
_atexto
_btxt
337 _2rdamedia
_acomputadora
_bc
338 _2rdacarrier
_arecurso en línea
_bcr
502 _bMIAUIA
_cIrrigación y Mecánica
_d2019.
_gMAE
504 _aIncluye referencias bibliográficas: páginas 4-22, 28, 51-54, 75-76.
520 _aSe presenta la propuesta de un modelo dinámico que predice el contenido de agua en el suelo, raíz y dosel de plantas de tomate (Solanum lycopersicum L.), bajo condiciones de invernadero y en suelo de textura franca, el modelo considera tres variables de estado asociadas con el contenido de agua en el suelo (XAGs), contenido de agua en la raíz (XAGr), y contenido de agua en el dosel (XAGd), y dos variables de estado asociadas con la biomasa de la raíz (Br) y la biomasa del dosel (Bd), basados en el modelo general TOMGRO, además se integra un modelo de transpiración propuesto por Jolliet. Como variables de entrada intervienen la temperatura, la radiación solar global, el índice de área foliar, la humedad relativa, y la concentración de CO2, y con un total de 30 parámetros. La simulación se realizó tomando como valores de los parámetros, los reportados en la literatura. Se presenta un análisis de los resultados de la simulación. Se ha realizado un análisis de sensibilidad local basado en el cálculo de derivadas y un análisis de sensibilidad global mediante el método de coeficientes de regresión estandarizados, ambos análisis coinciden en la determinación de los parámetros que tienen mayor sensibilidad en el modelo, siendo estos los relacionados con la disponibilidad del agua en el suelo en el caso de XAGs, XAGr y XAGd. Para Br y Bd, los parámetros más relevantes son la eficiencia de utilización de la luz (Alfa), la temperatura en la hoja a la cual la fotosíntesis es máxima (Phih), la eficiencia de conversión de CH2O a tejido (E) y la densidad de flujo máxima de luz encima del dosel (Im), relacionados con los factores climáticos que intervienen en la tasa fotosintética del cultivo.
650 4 _9110393
_aSuelos
_xHumedad
_xEfecto en plantas
650 4 _9113704
_aTomate
_xCultivos en invernadero
700 1 _967795
_aLópez Cruz, Irineo Lorenzo
_edirector.
856 _uhttp://10.13.5.2/tesis/tm/Lopez_Hernamdez_Gamaliel.pdf
_zDESCARGAR PDF
942 _2Clasificación Universidad Autónoma Chapingo
_cTD
999 _c218923
_d218923